English speaking Countries - Statistics

General Stats
  • This quiz has been taken 122 times
  • The average score is 21 of 34
Answers on the Map
Answers color-coded by a green-red scale on the quiz's map according to % correct below.
 
Answer Stats
Answer % Correct
United States
98%
Canada
97%
United Kingdom
97%
Australia
93%
Ireland
91%
New Zealand
90%
South Africa
82%
Bahamas
70%
Jamaica
68%
Nigeria
68%
Zimbabwe
63%
Fiji
61%
Guyana
61%
Kenya
60%
Singapore
60%
Zambia
60%
Belize
59%
Namibia
58%
Barbados
57%
Ghana
57%
Tanzania
57%
Botswana
56%
Malta
56%
Trinidad and Tobago
55%
Uganda
52%
Samoa
50%
LIberia
49%
Tonga
49%
Cameroon
44%
Eswatini
44%
Dominica
42%
Sierra Leone
42%
Malawi
41%
South Sudan
34%
No matching quizzes found
Score Distribution
Percent of People with Each Score
Percentile by Number Answered
Your Score History
You have not taken this quiz